[Event "Saarland-ch A 87th"]
[Site "Voelklingen"]
[Date "2012.04.01"]
[Round "3"]
[White "Welter, Bernhard"]
[Black "Steffen, Maximilian"]
[Result "0-1"]
[WhiteElo "1718"]
[BlackElo "1773"]
[PlyCount "80"]
[EventDate "2012.03.30"]
[EventType "swiss"]
[EventRounds "6"]
[EventCountry "GER"]
[SourceTitle "EXT 2013"]
[Source "ChessBase"]
[SourceDate "2012.11.22"]
[SourceVersion "1"]
[SourceVersionDate "2012.11.22"]
[SourceQuality "1"]

1. e4 c6 2. g3 d5 3. Bg2 dxe4 4. Bxe4 Nf6 5. Bg2 Bf5 6. d3 e6 7. Nc3 Bd6 8. Nf3 h6 9. Qe2 Nbd7 10. Bd2 Qc7 11. Ne4 Nxe4 12. dxe4 Bg4 13. h3 Bh5 14. g4 Bg6 15. 0-0-0 0-0-0 16. Bc3 f6 17. Nd2 e5 18. Nc4 Bc5 19. Rd2 Bf7 20. Kb1 Nb6 21. Nxb6+ Qxb6 22. Rhd1 Rxd2 23. Rxd2 Rd8 24. Rxd8+ Kxd8 25. f3 Bd4 26. Qd3 Kc7 27. Bxd4 Qxd4 28. Qxd4 exd4 29. a3 Kd6 30. f4 g5 31. Kc1 gxf4 32. Kd2 Ke5 33. Kd3 c5 34. b3 b5 35. Bf3 c4+ 36. bxc4 Bxc4+ 37. Kd2 a5 38. c3 Bf1 39. h4 d3 40. Ke1 Be2 0-1